000 01601nam a22004097a 4500
003 CHAP
005 20220329143118.0
008 060428s2004 mx r 00010 spa d
010 _a92090
011 _a93062
035 _a103633
040 _cCHAP
082 0 4 _a338.9
_bM56
110 1 _aMéxico (Edo.). Secretaría de Desarrollo Económico
_976853
245 1 0 _aInforme de evaluación estatal :
_bevaluación Alianza Contigo 2003
_c/por Gobierno del Estado de México
260 _aMéxico :
_bGobierno del Estado de México,
_c2004.
300 _av.
500 _aLa biblioteca tiene : v.1 Programa Desarrollo Rural - v.2 Programa Fomento Agrícola - v.3 Programa Fomento Ganadero
590 _aBATCH-UPD
_b10
_c20130110
_lUCH01
_h0957
590 _aBATCH-UPD
_b10
_c20130410
_lUCH01
_h0609
590 _aBATCH-UPD
_b10
_c20130913
_lUCH01
_h2253
590 _aBATCH-UPD
_b10
_c20130914
_lUCH01
_h1932
590 _aCONVERSION
_b10
_c20130109
_lUCH01
_h1351
650 0 4 _aAgricultura y Estado.
_92035
650 0 4 _aAlianza para el progreso.
_94095
650 0 4 _aCrédito agrícola
_xMéxico (Edo.)
_929067
650 0 4 _aDesarrollo rural.
_932067
650 0 4 _aEvaluación.
_938913
650 0 4 _aPolítica ganadera
_xMéxico (Edo.)
_990639
650 0 4 _aProyectos de desarrollo.
_992528
901 _aBK
905 _aAlejandra Carrasco M.
942 _cLIBRO
949 _a338.9 M56
_bBC
_cLIBRO
_d33724000985933
_eC
_fv.1
_h107714
_i103633
_st
949 _a338.9 M56
_bBC
_cLIBRO
_d33724000986097
_eC
_fv.3
_h107716
_i103633
_st
949 _a338.9 M56
_bBC
_cLIBRO
_d33724000986162
_eC
_fv.2
_h107715
_i103633
_st
999 _c92090
_d92090